00500nam a2200193 a 4500001001300000003000900013005001700022008004100039020001200080082001500092100002200107245002100129260003500150300000900185500003500194505003100229650002400260700002200284nice12345678IN_TiNIC20260116011338.0050524s1952 newa grp 000 0 eng  ac122.500a268.6bBOW aBowman, Charles M aWays Youth Learn aNew YorkbHarper and Rowc1952 a188p aincludes index and biblioraphy2 aNotes, Bibliography, Index aChristian-Education1 aBowman, Charles M